[Event "Nagler mem Zurich SUI"]
[Site "?"]
[Date "1998.??.??"]
[Round "?"]
[White "Korchnoi, V."]
[Black "Hug, W."]
[Result "1/2-1/2"]
[WhiteElo "2625"]
[BlackElo "2470"]
[PlyCount "80"]
[EventDate "1998.??.??"]
[Source "www.chesslib.no"]
[SourceDate "2004.05.04"]

1. d4 g6 2. e4 Bg7 3. c4 d6 4. Nc3 Nf6 5. f3 a6 6. Be3 c6 7. e5 Nfd7 8. exd6 exd6 9. Qd2 b5 10. O-O-O Nf6 11. Bh6 Kf8 12. Qg5 Bxh6 13. Qxh6+ Kg8 14. h4 Nbd7 15. g4 Qf8 16. Qf4 bxc4 17. Bxc4 d5 18. Bb3 h5 19. Re1 Kg7 20. g5 Ne8 21. Ba4 Bb7 22. Nxd5 cxd5 23. Bxd7 Qd6 24. Qe5+ Qxe5 25. Rxe5 Nd6 26. b3 Rhd8 27. Bh3 Bc8 28. Ne2 Bxh3 29. Rxh3 Nf5 30. Kd2 Rab8 31. Kd3 Rb4 32. Rxf5 gxf5 33. Nf4 a5 34. Nxh5+ Kf8 35. Nf4 a4 36. Kc3 axb3 37. axb3 Rdb8 38. Nxd5 Rxb3+ 39. Kc2 Rb2+ 40. Kd3 R8b3+ 1/2-1/2

[Event "Amsterdam"]
[Site "?"]
[Date "1987.??.??"]
[Round "?"]
[White "Chernin, A."]
[Black "Zapata, A."]
[Result "1-0"]
[WhiteElo "2580"]
[BlackElo "2510"]
[PlyCount "103"]
[EventDate "1987.??.??"]
[Source "ChessBase"]
[SourceDate "1987.07.01"]

1. d4 Nf6 2. c4 g6 3. Nc3 Bg7 4. e4 d6 5. Nge2 e5 6. f3 Nbd7 7. Bg5 c6 8. Qd2 a6 9. d5 cxd5 10. cxd5 b5 11. Ng3 Nb6 12. Be2 Bd7 13. O-O h6 14. Be3 h5 15. Nh1 h4 16. Bg5 Qc7 17. Rac1 Qa7 18. Nf2 Nh5 19. b3 Rc8 20. Nb1 Bf6 21. Rxc8+ Nxc8 22. Be3 Qb7 23. Nd3 Bd8 24. f4 exf4 25. Nxf4 Nf6 26. Bd4 O-O 27. Qd3 Bb6 28. Kh1 Bxd4 29. Qxd4 Nh7 30. Nd2 Qb6 31. Qd3 Re8 32. Nf3 Qd8 33. h3 Qf6 34. Nh2 Qe5 35. Bg4 Nb6 36. Qe3 Rb8 37. Bxd7 Nxd7 38. Ng4 Qg5 39. Qa7 Nhf8 40. Nd3 Re8 41. Qd4 Nh7 42. Qf2 Re7 43. e5 Kh8 44. exd6 Re8 45. Nc5 Nxc5 46. Qxc5 Kg8 47. d7 Rd8 48. Qd6 f5 49. Qe6+ Kg7 50. Ne5 Nf8 51. Qf7+ Kh6 52. Qg8 1-0

[Event "Mitropa Cup"]
[Site "Leipzig"]
[Date "2002.05.08"]
[Round "6.3"]
[White "Graf, Alexander"]
[Black "Hug, Werner"]
[Result "1-0"]
[WhiteElo "2623"]
[BlackElo "2461"]
[PlyCount "53"]
[EventDate "2002.05.03"]
[Source "ChessBase"]
[SourceDate "2002.08.12"]

1. d4 Nf6 2. c4 g6 3. Nc3 Bg7 4. e4 d6 5. f3 a6 6. Be3 Nbd7 7. Qd2 c6 8. g4 b5 9. h4 bxc4 10. h5 Rb8 11. O-O-O Qa5 12. h6 Bf8 13. g5 Nh5 14. Bxc4 e6 15. Nge2 Be7 16. f4 d5 17. Bb3 Nb6 18. Qc2 dxe4 19. Qxe4 Nd5 20. Bxd5 cxd5 21. Qe5 Qb4 22. Qxh8+ Kd7 23. Rd2 a5 24. Qxh7 Ba6 25. Qxf7 Bd3 26. Rxd3 Qxb2+ 27. Kd1 1-0

[Event "EU-ch 3rd"]
[Site "Batumi"]
[Date "2002.06.24"]
[Round "12"]
[White "Riazantsev, Alexander"]
[Black "Marin, Mihail"]
[Result "1/2-1/2"]
[WhiteElo "2527"]
[BlackElo "2556"]
[PlyCount "53"]
[EventDate "2002.06.12"]
[Source "ChessBase"]
[SourceDate "2002.09.20"]

1. d4 d6 2. e4 Nf6 3. f3 c5 4. d5 g6 5. c4 Bg7 6. Nc3 O-O 7. Nge2 e6 8. Ng3 exd5 9. cxd5 a6 10. a4 Nbd7 11. Be2 Ne8 12. O-O Rb8 13. Bf4 Qe7 14. Qd2 Nc7 15. Bh6 Bxh6 16. Qxh6 b5 17. axb5 Nxb5 18. Nxb5 axb5 19. b4 c4 20. Ra3 Nb6 21. f4 f5 22. exf5 Bxf5 23. Nxf5 gxf5 24. Bf3 Qf6 25. Qxf6 Rxf6 26. Re1 Rf7 27. Re6 1/2-1/2

[Event "Novgorod Open"]
[Site "Novgorod RUS"]
[Date "1995.??.??"]
[Round "6"]
[White "Galliamova-Ivanchuk, Alisa"]
[Black "Graf, Alexander"]
[Result "0-1"]
[WhiteElo "2475"]
[BlackElo "2605"]
[PlyCount "106"]
[EventDate "1995.05.??"]
[Source "www.chesslib.no"]
[SourceDate "2004.05.04"]

1. d4 Nf6 2. c4 g6 3. Nc3 Bg7 4. e4 d6 5. f3 c5 6. dxc5 dxc5 7. Qxd8+ Kxd8 8. Be3 Nfd7 9. Kd2 Nc6 10. Rd1 b6 11. f4 e6 12. Nf3 Ke7 13. a3 Bb7 14. Kc2 Rad8 15. Bd3 Nf6 16. Rhe1 Ng4 17. Bg1 Nd4+ 18. Nxd4 Bxd4 19. h3 Bxg1 20. hxg4 Bf2 21. Re2 Bg3 22. Rf1 g5 23. fxg5 Rhg8 24. Re3 Be5 25. Rh3 Rxg5 26. Rxh7 Rf8 27. Be2 Bxc3 28. Kxc3 Bxe4 29. Rh2 Re5 30. Rf2 Rd8 31. Rh5 Rxh5 32. gxh5 f5 33. b4 Kf6 34. bxc5 bxc5 35. g4 Kg5 36. gxf5 exf5 37. Rf1 a5 38. Rg1+ Kf4 39. h6 Ke3 40. Bh5 Rd3+ 41. Kb2 Rd2+ 42. Kb3 Rh2 43. Rg5 Bc2+ 44. Kb2 Bd1+ 45. Kc3 Ba4 46. Rg3+ Kf4 47. h7 Rxh5 48. Rg7 Bc6 49. Rc7 Be4 50. Rxc5 Rxh7 51. Rxa5 Ke3 52. Ra6 f4 53. Rf6 f3 0-1

[Event "Corr"]
[Site "?"]
[Date "1999.06.30"]
[Round "?"]
[White "Samarin Igor Valerievich (R"]
[Black "Kopylov Igor Aleksandrovich"]
[Result "1/2-1/2"]
[WhiteElo "2535"]
[BlackElo "2544"]
[PlyCount "43"]
[EventDate "1999.??.??"]
[Source "www.chesslib.no"]
[SourceDate "2004.05.04"]

1. d4 Nf6 2. c4 g6 3. Nc3 Bg7 4. e4 d6 5. f3 c6 6. Be3 a6 7. Qd2 b5 8. O-O-O Be6 9. d5 Bc8 10. Kb1 bxc4 11. Bxc4 c5 12. Bh6 Bxh6 13. Qxh6 Nbd7 14. Bb3 Rb8 15. Nh3 Qa5 16. Qd2 Rb4 17. Nf2 c4 18. Bc2 O-O 19. Ne2 Qb6 20. Qd4 Nc5 21. a3 Rb5 22. Qc3 1/2-1/2

[Event "Gibtelecom Masters"]
[Site "Catalan Bay ING"]
[Date "2007.01.27"]
[Round "5"]
[White "Ward, C."]
[Black "Efimenko, Z."]
[Result "0-1"]
[WhiteElo "2456"]
[BlackElo "2616"]
[PlyCount "120"]
[EventDate "2007.01.23"]
[Source "www.chesslib.no"]
[SourceDate "2004.05.04"]

1. d4 d6 2. e4 Nf6 3. f3 c5 4. d5 g6 5. c4 Bg7 6. Nc3 O-O 7. Nge2 e6 8. Ng3 exd5 9. cxd5 h5 10. Bg5 Qb6 11. Qd2 Nh7 12. Bh4 Nd7 13. Be2 Re8 14. O-O Bf6 15. Bxf6 Nhxf6 16. Rf2 a6 17. Re1 Qb4 18. a3 Qd4 19. Qf4 Qe5 20. Qc1 h4 21. Nf1 b5 22. f4 Qe7 23. Bf3 b4 24. axb4 cxb4 25. Na4 Bb7 26. Rfe2 Qd8 27. Qd2 Qa5 28. b3 Nc5 29. Nxc5 Qxc5+ 30. Kh1 Rad8 31. Rc1 Qb5 32. f5 Kg7 33. Ne3 Rc8 34. fxg6 Rxc1+ 35. Qxc1 fxg6 36. Nf5+ gxf5 37. Qg5+ Kf7 38. Bh5+ Nxh5 39. Qxh5+ Ke7 40. exf5+ Kd8 41. Qxh4+ Kd7 42. Qh7+ Kc8 43. Rxe8+ Qxe8 44. h4 Bxd5 45. h5 Bxb3 46. h6 Bc2 47. Qa7 Qe1+ 48. Kh2 Qe5+ 49. Kh1 Qxf5 50. Qxa6+ Kc7 51. Qa7+ Kc6 52. Qa6+ Kc5 53. Qa5+ Kc4 54. Qc7+ Qc5 55. Qf7+ Qd5 56. Qf1+ Qd3 57. Qf4+ Kb3 58. Kg1 d5 59. Kf2 d4 60. h7 Qe3+ 0-1

[Event "Korinthos op 3rd"]
[Site "Korinthos"]
[Date "1999.08.01"]
[Round "9"]
[White "Papaioannou, Ioannis"]
[Black "Nikolaidis, Ioannis"]
[Result "1/2-1/2"]
[WhiteElo "2561"]
[BlackElo "2505"]
[PlyCount "123"]
[EventDate "1999.07.27"]
[Source "www.chesslib.no"]
[SourceDate "2004.05.04"]

1. d4 Nf6 2. c4 g6 3. Nc3 Bg7 4. e4 d6 5. f3 c6 6. Be3 Nbd7 7. Qd2 O-O 8. Nge2 a6 9. c5 b5 10. cxb6 Nxb6 11. Ng3 a5 12. Be2 Nfd7 13. Bh6 c5 14. Bxg7 Kxg7 15. h4 cxd4 16. Qxd4+ f6 17. f4 Nc5 18. O-O-O Qc7 19. Kb1 Rb8 20. h5 Nba4 21. Nxa4 Rb4 22. Qc3 Rxa4 23. hxg6 hxg6 24. Nf5+ Bxf5 25. exf5 Qc8 26. g4 Rh8 27. Bf3 Rxh1 28. Rxh1 Qa6 29. Re1 Qd3+ 30. Qxd3 Nxd3 31. Rxe7+ Kf8 32. Re6 Nxf4 33. Rxd6 Ke7 34. Ra6 gxf5 35. gxf5 Nd3 36. Re6+ Kf7 37. Re4 Rxe4 38. Bxe4 Nc5 39. Bc2 Ke7 40. Kc1 Kd6 41. Kd2 Na6 42. Kc3 Kc5 43. Bd3 Nc7 44. Bc4 Na8 45. Bb3 Nb6 46. Kd3 Nd7 47. Be6 Nb6 48. a3 Na4 49. b3 Nb6 50. Kc3 Na8 51. b4+ axb4+ 52. axb4+ Kc6 53. Bb3 Nb6 54. Bc4 Na4+ 55. Kd4 Nb6 56. Be2 Nc8 57. b5+ Kd6 58. Kc4 Nb6+ 59. Kb4 Nc8 60. Bd3 Nb6 61. Ka5 Kc7 62. Be2 1/2-1/2

[Event "Budapest Tungsram"]
[Site "Budapest HUN"]
[Date "1973.??.??"]
[Round "1"]
[White "Szabo, Laszlo"]
[Black "Bilek, Istvan"]
[Result "1/2-1/2"]
[WhiteElo "2565"]
[BlackElo "2500"]
[PlyCount "66"]
[EventDate "1973.??.??"]
[Source "www.chesslib.no"]
[SourceDate "2004.05.04"]

1. d4 g6 2. c4 Bg7 3. Nc3 d6 4. e4 Nf6 5. f3 b6 6. Bg5 h6 7. Be3 c5 8. d5 a6 9. Qd2 Nbd7 10. Nh3 b5 11. cxb5 Qa5 12. Nf2 Nb6 13. Be2 Nfd7 14. O-O Ne5 15. b3 Nxf3+ 16. Bxf3 Bxc3 17. Qc1 axb5 18. Bxh6 Bxa1 19. Qxa1 Rh7 20. e5 Rxh6 21. exd6 Rh7 22. dxe7 Nd7 23. d6 Ra6 24. Ne4 Qxa2 25. Qc3 b4 26. Qxc5 Ra8 27. Qc6 Qa7+ 28. Kh1 Qa1 29. Nf6+ Qxf6 30. Qxa8 Qxd6 31. Qxc8+ Kxe7 32. h3 Rh4 33. Bc6 Rd4 1/2-1/2

[Event "London"]
[Site "London"]
[Date "1984.??.??"]
[Round "?"]
[White "Seirawan, Yasser"]
[Black "Mestel, A Jonathan"]
[Result "1-0"]
[WhiteElo "2525"]
[BlackElo "2540"]
[PlyCount "59"]
[EventDate "1984.04.??"]
[Source "ChessBase"]

1. c4 g6 2. d4 Bg7 3. Nc3 d6 4. e4 Nf6 5. f3 Nc6 6. Nge2 a6 7. d5 Ne5 8. Ng3 c6 9. Be3 O-O 10. a4 Qa5 11. Ra3 cxd5 12. cxd5 Qc7 13. Be2 Nc4 14. Bxc4 Qxc4 15. Qb3 Qd3 16. Kf2 a5 17. Nb5 Qxb3 18. Rxb3 Bd7 19. Rc1 Rfc8 20. Rxc8+ Rxc8 21. Nc3 Be8 22. Rxb7 Nd7 23. Nge2 Kf8 24. Ke1 Rc4 25. Kd2 Rb4 26. Rxb4 axb4 27. Nb5 Bxb2 28. Nc7 Nc5 29. Bxc5 dxc5 30. a5 1-0

[Event "HZ Open"]
[Site "Vlissingen"]
[Date "2003.08.04"]
[Round "4"]
[White "Nisipeanu, Liviu Dieter"]
[Black "Haub, Thorsten Michael"]
[Result "1-0"]
[WhiteElo "2666"]
[BlackElo "2397"]
[PlyCount "49"]
[EventDate "2003.08.02"]
[Source "Roberto Alvarez"]
[SourceDate "2003.08.11"]

1. e4 g6 2. d4 Bg7 3. c4 d6 4. Nc3 Nf6 5. f3 Nc6 6. Be3 a6 7. Nge2 Rb8 8. Nc1 O-O 9. Qd2 e5 10. d5 Nd4 11. Nb3 Nxb3 12. axb3 Nh5 13. b4 f5 14. O-O-O Qe8 15. Kb1 Nf4 16. Re1 fxe4 17. Nxe4 Qa4 18. g3 Nh5 19. Be2 a5 20. b5 Bf5 21. Qd3 Nf6 22. Bd2 Nd7 23. Bd1 Nc5 24. Qc3 Qb4 25. Qc2 1-0

[Event "Reykjavik Open"]
[Site "Reykjavik ISL"]
[Date "1986.??.??"]
[Round "10"]
[White "Christiansen, Larry M"]
[Black "Byrne, Robert E"]
[Result "1/2-1/2"]
[WhiteElo "2555"]
[BlackElo "2505"]
[PlyCount "63"]
[EventDate "1986.02.??"]
[Source "www.chesslib.no"]
[SourceDate "2004.05.04"]

1. d4 Nf6 2. c4 g6 3. Nc3 Bg7 4. e4 d6 5. f3 a6 6. Bg5 h6 7. Be3 c6 8. Bd3 b5 9. e5 dxe5 10. dxe5 Nh7 11. f4 Bf5 12. Bxf5 Qxd1+ 13. Rxd1 gxf5 14. Nge2 e6 15. Ng3 Bf8 16. Nh5 Nd7 17. Ke2 Rg8 18. Kf3 f6 19. exf6 Nhxf6 20. Nxf6+ Nxf6 21. Bd4 Kf7 22. b3 Be7 23. Ne2 bxc4 24. bxc4 Rab8 25. Nc1 Ne4 26. Nd3 Bf6 27. Ne5+ Bxe5 28. Bxe5 Rbd8 29. Bd4 Rd7 30. Be3 Rgd8 31. Rxd7+ Rxd7 32. Rb1 1/2-1/2

[Event "St Petersburg Open"]
[Site "St Petersburg RUS"]
[Date "1992.??.??"]
[Round "?"]
[White "Razuvaev, Yuri S"]
[Black "Agrest, Evgenij"]
[Result "1-0"]
[WhiteElo "2575"]
[BlackElo "2485"]
[PlyCount "101"]
[EventDate "1992.??.??"]
[Source "www.chesslib.no"]
[SourceDate "2004.05.04"]

1. d4 d6 2. e4 Nf6 3. f3 c5 4. d5 g6 5. c4 Bg7 6. Nc3 O-O 7. Nge2 e6 8. Ng3 exd5 9. cxd5 h5 10. Be2 h4 11. Nf1 Nh5 12. g4 Nf6 13. Bg5 h3 14. Qd2 Nbd7 15. Ng3 Re8 16. O-O Ne5 17. Kh1 Qa5 18. Bh6 Bh8 19. Rg1 Qb4 20. Rad1 b5 21. g5 Nfd7 22. Nxb5 Ba6 23. Qxb4 cxb4 24. Nxd6 Bxe2 25. Nxe2 Nxf3 26. Rgf1 Nfe5 27. Nxe8 Rxe8 28. Rc1 Nb6 29. b3 Ned7 30. Rf4 Be5 31. Rh4 Bd6 32. Nd4 Nc5 33. Nb5 Nxe4 34. Rxe4 Rxe4 35. Nxd6 Re2 36. Kg1 Rg2+ 37. Kf1 Rxh2 38. Kg1 Rg2+ 39. Kh1 Re2 40. Rf1 Re7 41. Rd1 Re5 42. Rf1 Re7 43. Kh2 Nxd5 44. Kxh3 Nc3 45. Rf4 a5 46. Rc4 Kh7 47. Rc8 Rd7 48. Ne8 Ne4 49. Kg4 f5+ 50. Kf4 Ra7 51. Bf8 1-0

[Event "New York Open"]
[Site "Newark, NJ USA"]
[Date "1995.??.??"]
[Round "5"]
[White "Henley, Ron W"]
[Black "Tkachiev, Vladislav"]
[Result "0-1"]
[WhiteElo "2480"]
[BlackElo "2575"]
[PlyCount "79"]
[EventDate "1995.04.12"]
[Source "www.chesslib.no"]
[SourceDate "2004.05.04"]

1. d4 Nf6 2. c4 g6 3. Nc3 Bg7 4. e4 d6 5. f3 Nc6 6. Nge2 a6 7. Bg5 Rb8 8. Nc1 e5 9. Nb3 exd4 10. Nxd4 O-O 11. Be2 Nxd4 12. Qxd4 h6 13. Bh4 g5 14. Bg3 Nh5 15. Qd2 Nxg3 16. hxg3 b5 17. cxb5 axb5 18. Nxb5 c6 19. Nc3 d5 20. exd5 Re8 21. Kf1 cxd5 22. Rd1 Bf5 23. Nb5 Qb6 24. a4 d4 25. Bd3 Bxd3+ 26. Qxd3 Re3 27. Qc4 g4 28. Rh4 gxf3 29. Rf4 fxg2+ 30. Kxg2 Qg6 31. g4 Be5 32. Rdxd4 Bxf4 33. Rxf4 Rbe8 34. Nc3 Rb8 35. Rf2 h5 36. Nd5 Re6 37. Qd4 Qxg4+ 38. Qxg4+ hxg4 39. Nf6+ Kg7 40. Nxg4 0-1

[Event "AUT-chT 9697"]
[Site "Austria"]
[Date "1996.??.??"]
[Round "2"]
[White "Chernin, Alexander"]
[Black "Hoelzl, Franz"]
[Result "1-0"]
[WhiteElo "2620"]
[BlackElo "2435"]
[PlyCount "127"]
[EventDate "1996.??.??"]
[Source "ChessBase"]

1. d4 Nf6 2. c4 g6 3. Nc3 Bg7 4. e4 d6 5. f3 a6 6. Be3 Nc6 7. Nge2 Rb8 8. Ng3 Nd7 9. d5 Na5 10. Ba7 Ra8 11. Bd4 Bxd4 12. Qxd4 O-O 13. Nd1 c5 14. Qc3 b5 15. b3 bxc4 16. bxc4 Qb6 17. Be2 Qb4 18. Rc1 Rb8 19. Ne3 Nf6 20. Kf2 Bd7 21. Qd3 Qb6 22. Rb1 Qc7 23. Qc3 Rb7 24. Rxb7 Nxb7 25. Rb1 Ra8 26. f4 Nd8 27. e5 Ne8 28. Bg4 f5 29. e6 Nf6 30. Bd1 Be8 31. Bc2 Rb8 32. Rxb8 Qxb8 33. a3 h5 34. Ke1 h4 35. Ngf1 h3 36. g3 Qb6 37. Nd2 Nb7 38. Qb3 Qc7 39. Bd3 Na5 40. Qc3 Ba4 41. Qb2 Qb7 42. Qxb7 Nxb7 43. Bf1 Na5 44. Bxh3 Nb3 45. Nxb3 Bxb3 46. Bf1 Ne4 47. Bd3 Nc3 48. Kd2 Na4 49. h3 Kg7 50. g4 fxg4 51. hxg4 Nb6 52. g5 Ba4 53. Ng2 Bb3 54. Kc3 Ba4 55. Nh4 Be8 56. Bc2 a5 57. Nf3 Na4+ 58. Bxa4 Bxa4 59. Nd2 Bd1 60. a4 Bxa4 61. Nb3 Kf8 62. Kb2 Be8 63. Nxa5 Ba4 64. Nb3 1-0

[Event "Neu Isenburg Open"]
[Site "Neu Isenburg"]
[Date "1992.04.25"]
[Round "4"]
[White "Gavrikov, Viktor N"]
[Black "Komljenovic, Davor"]
[Result "1/2-1/2"]
[WhiteElo "2560"]
[BlackElo "2495"]
[PlyCount "100"]
[EventDate "1992.04.24"]
[Source "www.chesslib.no"]
[SourceDate "2004.05.04"]

1. c4 Nf6 2. Nc3 g6 3. e4 d6 4. d4 Bg7 5. f3 Nbd7 6. Bg5 c5 7. d5 h6 8. Be3 a6 9. Nh3 O-O 10. Nf2 Qa5 11. Be2 b5 12. Qd2 Kh7 13. cxb5 axb5 14. Nxb5 Ne8 15. Nd1 f5 16. Qxa5 Rxa5 17. Bd2 Ra8 18. O-O fxe4 19. fxe4 Rxf1+ 20. Kxf1 Be5 21. h3 Ndf6 22. Nbc3 Nc7 23. Rc1 e6 24. dxe6 Nxe6 25. Bc4 Ng5 26. Bd3 Bb7 27. Bxg5 hxg5 28. Rc2 g4 29. hxg4 Nxg4 30. Ke2 Nf6 31. Nf2 Kg7 32. Rd2 Kf7 33. Bc4+ Ke7 34. Nd5+ Bxd5 35. exd5 Bd4 36. Kd1 Nd7 37. Re2+ Ne5 38. Nd3 Kd7 39. Nxe5+ Bxe5 40. a4 Kc7 41. b3 Kb6 42. Rf2 Rh8 43. Bd3 g5 44. Rf7 Rh2 45. Rf2 Rh1+ 46. Kd2 Ra1 47. Bc2 Rg1 48. Kd3 g4 49. Kc4 g3 50. Re2 Rf1 1/2-1/2

[Event "Tel Aviv"]
[Site "Tel Aviv"]
[Date "1991.??.??"]
[Round "1"]
[White "Psakhis, Lev"]
[Black "Davies, Nigel R"]
[Result "1/2-1/2"]
[WhiteElo "2555"]
[BlackElo "2500"]
[PlyCount "33"]
[EventDate "1991.07.??"]
[Source "ChessBase"]

1. d4 Nf6 2. c4 g6 3. Nc3 Bg7 4. e4 d6 5. f3 c6 6. Be3 a6 7. a4 a5 8. Bd3 Na6 9. Rc1 O-O 10. Nge2 e5 11. Qd2 Nd7 12. O-O exd4 13. Nxd4 Nac5 14. Rcd1 Nxd3 15. Qxd3 Nc5 16. Qd2 Qb6 17. Nde2 1/2-1/2

[Event "Ljubljana op"]
[Site "Ljubljana"]
[Date "1998.??.??"]
[Round "9"]
[White "Kogan, Artur"]
[Black "Badea, Bela"]
[Result "1-0"]
[WhiteElo "2505"]
[BlackElo "2545"]
[PlyCount "53"]
[EventDate "1998.06.??"]
[Source "www.chesslib.no"]
[SourceDate "2004.05.04"]

1. d4 g6 2. c4 Bg7 3. Nc3 d6 4. e4 e5 5. Be3 exd4 6. Bxd4 Nf6 7. f3 O-O 8. Nge2 Re8 9. Qd2 Nc6 10. Be3 Ne5 11. Nf4 c6 12. h4 Be6 13. Nxe6 Rxe6 14. O-O-O Qa5 15. Kb1 Qb4 16. Nd5 Qxd2 17. Nxf6+ Bxf6 18. Rxd2 c5 19. h5 Nc6 20. hxg6 hxg6 21. g4 Nd4 22. Bg2 Rae8 23. f4 g5 24. e5 dxe5 25. fxg5 Bg7 26. Bxb7 e4 27. Bd5 1-0

[Event "RUS-ch51"]
[Site "St Petersburg"]
[Date "1998.08.01"]
[Round "5"]
[White "Yevseev, Denis"]
[Black "Balashov, Yuri S"]
[Result "1-0"]
[WhiteElo "2470"]
[BlackElo "2580"]
[PlyCount "75"]
[EventDate "1998.07.28"]
[Source "ChessBase"]
[SourceDate "1998.11.30"]

1. d4 Nf6 2. c4 g6 3. Nc3 Bg7 4. e4 d6 5. f3 a6 6. Bg5 O-O 7. Qd2 c5 8. d5 b5 9. cxb5 Nbd7 10. Nh3 Qa5 11. Nf2 Nb6 12. Nfd1 axb5 13. Nxb5 Bd7 14. Nbc3 Na4 15. Rc1 Rfb8 16. Bc4 Nxc3 17. Nxc3 h6 18. Be3 Ne8 19. O-O h5 20. Bg5 Bd4+ 21. Kh1 f6 22. Bh4 Bb5 23. Bxb5 Bxc3 24. Qh6 Qxb5 25. Qxg6+ Ng7 26. bxc3 Rxa2 27. c4 Qe8 28. Qh6 Rbb2 29. Rg1 Qc8 30. Bg3 Kf7 31. Bf4 Qb8 32. Bg3 Qb3 33. h4 Qd3 34. Bf4 Qe2 35. Be3 Qxf3 36. Qxg7+ Kxg7 37. gxf3+ Kf7 38. Bf4 1-0

[Event "New York Open"]
[Site "New York, NY USA"]
[Date "1985.??.??"]
[Round "9"]
[White "Seirawan, Yasser"]
[Black "Zuckerman, Bernard"]
[Result "1-0"]
[WhiteElo "2560"]
[BlackElo "2490"]
[PlyCount "111"]
[EventDate "1985.03.??"]
[Source "www.chesslib.no"]
[SourceDate "2004.05.04"]

1. d4 Nf6 2. c4 g6 3. Nc3 Bg7 4. e4 d6 5. f3 e5 6. d5 Nh5 7. Be3 f5 8. Qd2 Qh4+ 9. Bf2 Qe7 10. Nge2 O-O 11. O-O-O a6 12. Kb1 Nd7 13. Nc1 Ndf6 14. h3 f4 15. b4 Ng3 16. Rg1 Nxf1 17. Rgxf1 a5 18. a3 axb4 19. axb4 b6 20. Nb3 Ba6 21. Qd3 Nh5 22. Bg1 Bf6 23. Rf2 Bh4 24. Ra2 Bb7 25. c5 bxc5 26. bxc5 Rxa2 27. Nxa2 Ra8 28. Nb4 Qe8 29. c6 Bc8 30. Kb2 Qe7 31. Na1 Qg5 32. Qd2 Qg3 33. Nac2 Nf6 34. Nd3 g5 35. Nce1 Nh5 36. Nf2 Rb8+ 37. Kc1 Ra8 38. Qb2 Nf6 39. Kd2 g4 40. hxg4 Bg5 41. Ra1 Rxa1 42. Qxa1 Bxg4 43. Qa8+ Kg7 44. Qa7 Bxf3 45. Qxc7+ Kg6 46. gxf3 Qxg1 47. Ned3 Bh4 48. Qb6 Bxf2 49. Nxf2 Ne8 50. c7 Nxc7 51. Qxd6+ Kh5 52. Qxe5+ Kg6 53. Ng4 Qg2+ 54. Ke1 Qg1+ 55. Ke2 Qg2+ 56. Nf2 1-0

[Event "Jarvenpaa"]
[Site "Jarvenpaa"]
[Date "1985.??.??"]
[Round "?"]
[White "Chernin, Alexander"]
[Black "Djuric, Stefan"]
[Result "1-0"]
[WhiteElo "2560"]
[BlackElo "2485"]
[PlyCount "54"]
[EventDate "1985.07.??"]
[Source "ChessBase"]

1. d4 Nf6 2. c4 g6 3. Nc3 Bg7 4. e4 d6 5. f3 a6 6. Bd3 O-O 7. Nge2 c6 8. Be3 b5 9. Qd2 bxc4 10. Bxc4 d5 11. Bb3 dxe4 12. fxe4 e5 13. O-O exd4 14. Qxd4 Nbd7 15. e5 Nd5 16. Nxd5 Bxe5 17. Qd2 cxd5 18. Qxd5 Qe7 19. Qxa8 Nf6 20. Qa7 Bb7 21. Qc5 Qe8 22. Bh6 Bxh2+ 23. Kxh2 Ng4+ 24. Kg1 Nxh6 25. Rae1 Ng4 26. Nf4 Qd8 27. Ne6 fxe6 1-0

[Event "Sitges Open"]
[Site "Sitges"]
[Date "1992.??.??"]
[Round "7"]
[White "Suba, Mihai"]
[Black "Marin, Mihail"]
[Result "1/2-1/2"]
[WhiteElo "2520"]
[BlackElo "2525"]
[PlyCount "25"]
[EventDate "1992.??.??"]
[Source "www.chesslib.no"]
[SourceDate "2004.05.04"]

1. d4 Nf6 2. c4 g6 3. Nc3 Bg7 4. e4 d6 5. f3 a6 6. Be3 Nc6 7. a3 O-O 8. Nge2 Re8 9. Qd2 Rb8 10. b4 b5 11. cxb5 axb5 12. d5 Ne5 13. Nd4 1/2-1/2

[Event "EU-chT (Men)"]
[Site "Leon"]
[Date "2001.11.15"]
[Round "9.3"]
[White "Jobava, Baadur"]
[Black "Jacimovic, Dragoljub"]
[Result "1-0"]
[WhiteElo "2556"]
[BlackElo "2486"]
[PlyCount "123"]
[EventDate "2001.11.06"]
[Source "ChessBase"]
[SourceDate "2001.02.01"]

1. c4 Nf6 2. Nc3 g6 3. e4 d6 4. d4 Bg7 5. f3 e5 6. Nge2 Nfd7 7. Be3 Bh6 8. Qd2 Bxe3 9. Qxe3 Nc6 10. O-O-O exd4 11. Nxd4 Nxd4 12. Qxd4 Qg5+ 13. Kb1 Qe5 14. Qd2 Nc5 15. f4 Qg7 16. b4 Na6 17. Nd5 Be6 18. c5 Bxd5 19. exd5 O-O 20. c6 Rab8 21. a3 Rfe8 22. cxb7 Nc5 23. Qb2 Rxb7 24. Qxg7+ Kxg7 25. Kc2 Nd7 26. g3 Nf6 27. Bc4 Rbb8 28. Rhe1 Kf8 29. Kc3 Rxe1 30. Rxe1 Re8 31. Rc1 Re3+ 32. Bd3 Re7 33. Kd4 Ke8 34. Rc6 Kd8 35. Ra6 Kc8 36. Bb5 Kb8 37. Rc6 Re1 38. Rc3 h5 39. Bc6 Re2 40. Re3 Rxe3 41. Kxe3 Kc8 42. f5 Kd8 43. Kf4 Nh7 44. fxg6 fxg6 45. Ba4 Ke7 46. Bc2 Kf6 47. Ke3 Ng5 48. Bd1 Nf7 49. Kd4 Ne5 50. a4 Kg5 51. h4+ Kf6 52. a5 Kf5 53. Be2 Kf6 54. Bf1 g5 55. Be2 g4 56. Bb5 Kf5 57. Be8 Nf3+ 58. Ke3 Ne1 59. Bxh5 Nc2+ 60. Kd2 Nxb4 61. Bf7 Kf6 62. Be6 1-0

[Event "Bucharest Supercom Cup"]
[Site "Bucharest"]
[Date "2002.03.20"]
[Round "4"]
[White "Svetushkin, Dmitry"]
[Black "Golubev, Mihail"]
[Result "1-0"]
[WhiteElo "2501"]
[BlackElo "2531"]
[PlyCount "47"]
[EventDate "2002.03.17"]
[Source "ChessBase"]
[SourceDate "2002.05.03"]

1. d4 Nf6 2. c4 g6 3. Nc3 Bg7 4. e4 d6 5. Nge2 e5 6. f3 O-O 7. Bg5 exd4 8. Nxd4 Nc6 9. Nc2 Be6 10. Be2 h6 11. Bh4 Ne5 12. Ne3 g5 13. Bf2 Nh5 14. g3 Qd7 15. h4 f5 16. exf5 Bxf5 17. hxg5 Bg6 18. f4 Rxf4 19. Rxh5 Rxf2 20. Kxf2 Bxh5 21. Bxh5 Qh3 22. Qh1 Rf8+ 23. Ke2 Qxg3 24. Ne4 1-0

[Event "Liberation tourn"]
[Site "Zagreb CRO"]
[Date "1971.??.??"]
[Round "13"]
[White "Tukmakov, Vladimir B"]
[Black "Bertok, Mario"]
[Result "1/2-1/2"]
[WhiteElo "2580"]
[BlackElo "2450"]
[PlyCount "23"]
[EventDate "1971.04.??"]
[Source "www.chesslib.no"]
[SourceDate "2004.05.04"]

1. d4 Nf6 2. c4 g6 3. Nc3 Bg7 4. e4 d6 5. f3 c6 6. Be3 a6 7. Bd3 b5 8. cxb5 cxb5 9. Nge2 O-O 10. b4 Nfd7 11. O-O Nc6 12. Rb1 1/2-1/2

[Event "Hofmann Cup"]
[Site "Baden-Baden GER"]
[Date "1995.??.??"]
[Round "4"]
[White "Lutz, Christopher"]
[Black "Hug, Werner"]
[Result "1/2-1/2"]
[WhiteElo "2560"]
[BlackElo "2470"]
[PlyCount "65"]
[EventDate "1995.??.??"]
[Source "www.chesslib.no"]
[SourceDate "2004.05.04"]

1. d4 Nf6 2. c4 g6 3. Nc3 Bg7 4. e4 d6 5. f3 a6 6. Be3 c6 7. Bd3 Nbd7 8. a4 a5 9. Nge2 O-O 10. O-O e5 11. d5 Re8 12. Qd2 Nc5 13. Bc2 Qb6 14. Kh1 Bf8 15. Rab1 Bd7 16. Bg5 Nh5 17. g4 Ng7 18. Ng3 Nb3 19. Qd1 Nd4 20. Be3 c5 21. Bd3 Qd8 22. Qd2 Kh8 23. Nb5 Bxb5 24. cxb5 Be7 25. Rf2 Bh4 26. Rbf1 f6 27. f4 exf4 28. Bxf4 Qe7 29. Rg2 Bg5 30. Rgf2 Bh4 31. Rg2 Rf8 32. Ne2 Nxe2 33. Rxe2 1/2-1/2

[Event "Reykjavik Open"]
[Site "Reykjavik ISL"]
[Date "1986.??.??"]
[Round "7"]
[White "Gheorghiu, Florin"]
[Black "Byrne, Robert E"]
[Result "1-0"]
[WhiteElo "2525"]
[BlackElo "2505"]
[PlyCount "67"]
[EventDate "1986.02.??"]
[Source "www.chesslib.no"]
[SourceDate "2004.05.04"]

1. d4 Nf6 2. c4 g6 3. Nc3 Bg7 4. e4 d6 5. f3 a6 6. Be3 c6 7. Qd2 b5 8. O-O-O Be6 9. d5 Bd7 10. Kb1 O-O 11. Bh6 Bxh6 12. Qxh6 b4 13. Nce2 cxd5 14. cxd5 Qb6 15. Nd4 Rc8 16. Nge2 Ra7 17. h4 Qd8 18. h5 Nxh5 19. g4 Nf6 20. g5 Nh5 21. Nf4 Qf8 22. Qxf8+ Rxf8 23. Nxh5 gxh5 24. Bh3 e6 25. dxe6 fxe6 26. Nxe6 Rxf3 27. Rxd6 Nc6 28. g6 Rf6 29. gxh7+ Kxh7 30. Nf8+ Rxf8 31. Bxd7 Ne7 32. Rxh5+ Kg7 33. Rg5+ Kf7 34. e5 1-0